000 00638cam a2200265 4500
001 B1443
008 090401t1983 xxu||||| |||| 00| 0 eng d
035 _a(Sirsi) u44433
041 _aeng
050 _a333.3309425
110 _aWilliam H. Brown
245 _a1983-84 review
260 _aSleaford,Lincs
_bWilliam H. Brown
_c1983
300 _a(40)p. : ill. ; 30cm.
350 _a0
650 _aEAST MIDLANDS
650 _aFARM LAND
650 _aINDUSTRIAL PROPERTY
650 _aOFFICES
650 _aPROPERTY MARKET
650 _aRESIDENTIAL PROPERTY
_96266
650 _aSHOPS
942 _n0
948 _c04/03/1997
999 _c91526
_d91526